00985nam a22002411 450000100060000000300080000600500170001400800410003103500190007204000320009104100080012308200290013110000180016024500770017826000520025530000850030749001280039250400190052061000350053965000580057470000290063283000820066124585BD-RjUL20211209001054.0140313s1961 ii abc 001 0 eng d a(BD-RjUL)24654 aDLCcDLCdDLCdBD-RjULbeng aeng00a940.544954219bGUH 19611 aGupta, S. C.,00aHistory of the Indian Air Force, 1933-45 /cEdited by Bisheshwar Prasad. aDelhi :bdistributors: Orient Longmans,c1961. axx, 194 p. :billus., ports., maps (part fold., col.) diagrs., tables. ;c25 cm.1 aOfficial history of the Indian Armed Forces in the Second World War, 1939-45. [General war administration and organisation] aIncludes Index10aIndia.bRoyal Indian Air Force 0aWorld War, 1939-1945xAerial operations, East Indian.1 aPrasad, Bisheshwar,eed. 0aOfficial history of the Indian Armed Forces in the Second World War, 1939-45.